000 00297nam a2200133Ia 4500
100 _aSocha/J./ Hall/ D
942 _cBK
654 _acomputer
245 _aTeach Yourself----Visual Basics 3.0
260 _bBPB Pub
_aNew Delhi
_c1994
082 _a5.133
_bPAN
546 _aENGLISH
999 _c28838
_d28838